| 000 | 00489nam a2200169Ia 4500 | ||
|---|---|---|---|
| 008 | 230917s9999||||xx |||||||||||||| ||und|| | ||
| 020 | _cRS700 | ||
| 040 |
_e257189 _aMAIN |
||
| 041 | _aEnglish | ||
| 082 | _a780.954 S77B | ||
| 100 | _aSurendra Kumar | ||
| 245 | 0 | _aBhojpuri sanskriti evam lok natyon mein sangeetik prampara | |
| 260 |
_aNew Delhi _bKanishka Publishing House _c2019 |
||
| 300 | _aix, 214 p. | ||
| 500 | _a3575 08/08/2019 UBC19/7601 10/08/2019 Main Budget | ||
| 942 | _cBK | ||
| 999 |
_c32338 _d32338 |
||